Normal view
MARC view
- Arms transfers
Entry Topical Term
001 - CONTROL NUMBER
- control field: 110125
003 - CONTROL NUMBER IDENTIFIER
- control field: NUST
005 - DATE AND TIME OF LATEST TRANSACTION
- control field: 20230310102517.0
008 - FIXED-LENGTH DATA ELEMENTS
- fixed length control field: 230310|| aca||aabn | a|a d
040 ## - CATALOGING SOURCE
- Original cataloging agency: NUST
- Transcribing agency: NUST
150 ## - HEADING--TOPICAL TERM
- Topical term or geographic name entry element: Arms transfers
670 ## - SOURCE DATA FOUND
- Source citation: Work cat.: (NUST)185898: Controlling future arms trade /, c1977.
